| 000 | 00667nam a2200241 i 4500 | ||
|---|---|---|---|
| 001 | C2-0095754 | ||
| 003 | PPAK | ||
| 005 | 20180727093306.0 | ||
| 008 | 970517s1995 nyua|||| ||||| | eng d | ||
| 020 | _a0671883402 | ||
| 040 |
_aPPAK _beng _cPPAK _erda |
||
| 082 | 0 | 4 |
_a778.5 _223 |
| 090 | 0 | 0 |
_a778.5 _bNEM _dR |
| 100 | 1 |
_aNemecek, Larry, _eauthor |
|
| 245 | 1 | 4 |
_aThe Star Trek: _bthe next companion |
| 264 | 1 |
_aNew York : _bPocket Books , _c1995 |
|
| 300 |
_axi, 339 pages : _billustrations ; _c28 cm |
||
| 336 |
_2rdacontent _atext |
||
| 337 |
_2rdamedia _aunmediated |
||
| 338 |
_2rdacarrier _avolume |
||
| 650 | 1 | 0 | _aMotion picture autorship |
| 942 |
_ddc _cB |
||
| 999 |
_c20422 _d20422 |
||